| 000 | 01041nam a2200313Ia 4500 | ||
|---|---|---|---|
| 001 | Z_5607 | ||
| 003 | CHAP | ||
| 008 | 220113s2008 xx 000 0 und d | ||
| 010 | _a168702 | ||
| 040 | _cCHAP | ||
| 090 | _aTesis S 2052 | ||
| 100 |
_aSánchez Bastida, Armando _9107356 |
||
| 245 |
_aEvaluación de componentes morfológicos y rendimiento de avena, ballico anual y ebo invernal en monocultivo y asociación para invierno en Almoloya de Juárez, Edo. de México / _cArmando Sánchez Bastida |
||
| 260 |
_aChapingo, Méx. : _bEl autor, _c2008 |
||
| 300 | _a63 h. | ||
| 502 | _aTesis (Ing. Agr. Esp. en Zootecnia) -- UACH. Departamento de Zootecnia | ||
| 650 |
_aAvena _x _x México (Edo.) _9142995 |
||
| 650 |
_aAvena _xRendimiento _98539 |
||
| 650 |
_aCultivos asociados _930370 |
||
| 650 |
_aForrajes _xRendimiento _942593 |
||
| 650 |
_aLolium multiflorum _967504 |
||
| 650 |
_aMorfología vegetal _978772 |
||
| 901 | _aTESIS S 2052 | ||
| 902 | _aM | ||
| 910 | _a2008 | ||
| 942 | _c2 | ||
| 942 | _c2 | ||
| 999 |
_c168702 _d168702 |
||